000 00421nam a2200169Ia 4500
003 LK-CoDNM
008 010623t1984 xxu||||| |||| 00| 1 eng d
040 _aLK-CoDNM
_dLK-CoDNM
_eLK-CoDNM
041 _aeng
080 _a294.331
100 _aBechert,Heinz.
_eed.
245 _aThe World of Buddhism
260 _bThames Hudson
_c1984
300 _b299p,Pl., 29 cm
700 _aGombrich,Richard.
_eed.
942 _cBK
999 _c112502
_d112502